Toy story 5 : příběh hraček : příběh podle filmu /

Pokračování příběhů statečného a dobrosrdečného kovboje Woodyho a dalších hraček, jež musí opět čelit nebezpečím.

Uloženo v:
Hlavní autor: Francis, Suzanne (Autor)
Další autoři: Niederlová, Petra, 1978- (Autor)
Médium: Kniha
Jazyk:Czech
Vydáno: V Praze : Alicanto, 2026
Vydání:1. vydání
Edice:Disney - Pixar (Alicanto)
Témata:
Celkem bylo vypůjčeno:0x
Tagy:
Žádné tagy
LEADER 02490nam a2200505 i 4500
001 106725
003 CZ PrNK
005 20260702091555.0
007 ta
008 260617s2026 xr a b 000 j cze
015 |a cnb003765067 
020 |a 9788025263792  |q (vázáno) :  |c Kč 329,00 
040 |a ABG001  |b cze  |e rda 
041 1 |a cze  |h eng 
072 7 |a 821-93  |x Literatura pro děti a mládež (beletrie)  |2 Konspekt  |9 26 
080 |a 821-32  |2 MRF 
080 |a 821-93  |2 MRF 
080 |a (0:82-32)  |2 MRF 
100 1 |a Francis, Suzanne  |7 jo2014833222  |4 aut  |9 25179 
240 1 0 |a Toy story 5.  |l Česky 
245 1 0 |a Toy story 5 :  |b příběh hraček : příběh podle filmu /  |c text: Suzanne Francis ; z anglického originálu Toy story 5 - Classic storybook art pool přeložila Petra Niederlová 
246 3 0 |a Příběh hraček 
246 3 0 |a Příběh podle filmu 
250 |a 1. vydání 
264 1 |a V Praze :  |b Alicanto,  |c 2026 
300 |a 96 stran :  |b barevné ilustrace ;  |c 30 cm 
336 |a text  |b txt  |2 rdacontent 
336 |a statický obraz  |b sti  |2 rdacontent 
337 |a bez média  |b n  |2 rdamedia 
338 |a svazek  |b nc  |2 rdacarrier 
490 0 |a Disney - Pixar 
520 2 |a Pokračování příběhů statečného a dobrosrdečného kovboje Woodyho a dalších hraček, jež musí opět čelit nebezpečím.  |b Svět hraček se mění a Jessie, Woody i Buzz si to uvědomují. Děti - dokonce i jejich milovaná Bonnie - stále častěji dávají přednost obrazovkám před společným hraním. Co když nové technologie změní svět navždy? Strach z neznámého i obava, že budou zapomenuti, nutí hrdiny dělat odvážná a někdy i unáhlená rozhodnutí. Jedno je však jisté: přicházejí velké změny, pro děti i jejich hračky. A takové chvíle je vždycky snazší zvládnout společně. Nakladatelská anotace. Kráceno. 
521 8 |a Pro děti od 6 let 
546 |a Český text 
655 7 |a příběhy  |7 fd133204  |2 czenas  |9 357 
655 7 |a publikace pro děti  |7 fd133156  |2 czenas  |9 23 
655 9 |a stories  |2 eczenas 
655 9 |a children's literature  |2 eczenas 
700 1 |a Niederlová, Petra,  |d 1978-  |7 jx20080922022  |4 trl  |9 29658 
710 2 |a Alicanto (nakladatelství)  |7 xx0341991  |4 pbl  |9 117187 
830 0 |a Disney - Pixar (Alicanto) 
910 |a UOG502 
942 |2 ddc  |c KN 
999 |d 106725 
993 |0 0  |1 421180107455  |2 ddc  |4 0  |6 M  |7 0  |9 100240  |b 0  |c 107455  |d 2026-07-02  |e 0  |f DOSP  |g M  |h 329.00  |i Koupě  |l M  |r 2026-07-02  |t 8  |w 2026-07-02  |y KN  |z BELET  |n